Sports Quiz

Random Sports Quiz

Ferrari F1 Race winners Quiz Stats

Quiz not verified by Sporcle

Also try: BCS Winning Teams
Challenge
Share
Tweet
Embed
Score 0/36 Timer 10:00
0 Plays Today
Wins Driver % Correct
72Michael Schumacher
99.3%
11Felipe Massa
95.1%
9Kimi Raikkonen
91.6%
9Rubens Barrichello
91.2%
15Niki Lauda
87.1%
5Alain Prost
84.6%
4Eddie Irvine
83.2%
5Gehard Berger
81.9%
1Jean Alesi
80.8%
3Juan Manuel Fangio
80.2%
8Alberto Ascari
77.6%
3Nigel Mansell
77.6%
6Gilles Villeneuve
73.5%
3Jody Scheckter
69.8%
3Phil Hill
67.9%
3Mike Hawthorn
65.5%
4John Surtees
63.6%
3Michele Alboreto
58.4%
Wins Driver % Correct
1Giuseppe farina
58.4%
4Clay Regazzoni
57.1%
2Didier Pironi
56.3%
5Carlos Reutemann
53.8%
3Rene Arnoux
52.9%
1Mario Andretti
50.3%
1Jacky Ickx
50.3%
2Patrick Tambay
47.7%
2Wolfgang Von-Trips
45.8%
3Peter Collins
42.4%
1Lorenzo bandini
38.7%
2Jose Frooilan Gonzalez
37.6%
2Tony Brooks
36.4%
1Liugi Musso
32.2%
1Giancarlo Baghetti
29.5%
1Ludovico Scarfiotti
27.9%
1Maurine Trintignant
25.8%
1Piero Taruff
24.2%

You're not logged in!

Compare scores with friends on all Sporcle quizzes.
Join for Free
OR
Log In

You Might Also Like...

Show Comments

Extras

Top Quizzes Today


Score Distribution

Your Account Isn't Verified!

In order to create a playlist on Sporcle, you need to verify the email address you used during registration. Go to your Sporcle Settings to finish the process.

Report this User

Report this user for behavior that violates our Community Guidelines.

Details: